Miejscowości Gminy Pszczółki - Statystyki

Ogólne statystyki
  • Ten quiz został rozwiązany 24 razy
  • Średni wynik to 6 z 9
Statystyki odpowiedzi
Liczba mieszkańców Miejscowości % Poprawnych
4132 Pszczółki
100%
1370 Skowarcz
80%
503 Kolnik
73%
1103 Różyny
73%
536 Żelisławki
67%
904 Rębielcz
53%
331 Ulkowy
53%
268 Kleszczewko
47%
179 Ostrowite
47%
Nie znaleziono quizów pasujących do podanych kryteriów
Rozkład punktacji
Procent ludzi z każdym wynikiem
Percentyl według liczby udzielonych odpowiedzi
Twoja historia wyników
Nie rozwiązałeś tego quizu